05588 2202569 4500001002100000005001500021035002000036007000300056008004100059020002200100082001000122084001600132100002500148245012500173250001900298260003100317300003900348500001300387650005300400700001700453990001300470990001300483990001300496990001300509990001300522990001300535990001300548990001300561990001300574990001300587990001300600990001300613990001300626990001300639990001300652990001300665990001300678990001300691990001300704990001300717990001300730990001300743990001300756990001300769990001300782990001300795990001300808990001300821990001300834990001300847990001300860990001300873990001300886990001300899990001300912990001300925990001300938990001300951990001300964990001300977990001300990990001301003990001301016990001301029990001301042990001301055990001301068990001301081990001301094990001301107990001301120990001301133990001301146990001301159990001301172990001301185990001301198990001301211990001301224990001301237990001301250990001301263990001301276990001301289990001301302990001301315990001301328990001301341990001301354990001301367990001301380990001301393990001301406990001301419990001301432990001301445990001301458990001301471990001301484990001301497990001301510990001301523990001301536990001301549990001301562990001301575990001301588990001301601990001301614990001301627990001301640990001301653990001301666990001301679990001301692990001301705990001301718990001301731990001301744990001301757990001301770990001301783990001301796990001301809990001301822990001301835990001301848990001301861990001301874990001301887990001301900990001301913990001301926990001301939990001301952990001301965990001301978990001301991990001302004990001302017990001302030990001302043990001302056990001302069990001302082990001302095990001302108990001302121990001302134990001302147990001302160990001302173990001302186990001302199990001302212990001302225990001302238990001302251990001302264990001302277990001302290990001302303990001302316990001302329990001302342990001302355990001302368990001302381990001302394990001302407990001302420990001302433990001302446990001302459990001302472990001302485990001302498990001302511990001302524990001302537990001302550990001302563990001302576990001302589990001302602990001302615990001302628990001302641990001302654990001302667990001302680990001302693990001302706990001302719990001302732990001302745990001302758990001302771990001302784990001302797990001302810990001302823990001302836990001302849990001302862990001302875990001302888990001302901990001302914990001302927990001302940990001302953990001302966990001302979990001302992990001303005INLIS00000000000005720221108090659 a0010-1122000057ta221108 g 0 ind  a978-602-434-009-4 a323.6 a323.6 YUY p0 aYuyus Kardiman, M.Pd1 aPendidikan pancasila dan kewarganegaraan jilid 2 :bSMA/MA kelas XI /cYuyus Kardiman, M.Pd., Tuty, S,Pd., Alam S., M.,M aed.revisi 2013 aJakarta :bErlangga,c2017 avi, 250 hlm. :bilus. ;c25x18 cm. abiografi 4aPendidikan pancasila dan kewarganegaraan jilid 20 aTuty, S,Pd., a04150415 a04150415 a04150415 a04150415 a04150415 a04150415 a04150415 a04150415 a04150415 a04150415 a04150415 a04150415 a04150415 a04150415 a04150415 a04150415 a04150415 a04150415 a04150415 a04150415 a04150415 a04150415 a04150415 a04150415 a04150415 a04150415 a04150415 a04150415 a04150415 a04150415 a04150415 a04150415 a04150415 a04150415 a04150415 a04150415 a04150415 a04150415 a04150415 a04150415 a04150415 a04150415 a04150415 a04150415 a04150415 a04150415 a04150415 a04150415 a04150415 a04150415 a04150415 a04150415 a04150415 a04150415 a04150415 a04150415 a04150415 a04150415 a04150415 a04150415 a04150415 a04150415 a04150415 a04150415 a04150415 a04150415 a04150415 a04150415 a04150415 a04150415 a04150415 a04150415 a04150415 a04150415 a04150415 a04150415 a04150415 a04150415 a04150415 a04150415 a04150415 a04150415 a04150415 a04150415 a04150415 a04150415 a04150415 a04150415 a04150415 a04150415 a04150415 a04150415 a04150415 a04150415 a04150415 a04150415 a04150415 a04150415 a04150415 a04150415 a04150415 a04150415 a04150415 a04150415 a04150415 a04150415 a04150415 a04150415 a04150415 a04150415 a04150415 a04150415 a04150415 a04150415 a04150415 a04150415 a04150415 a04150415 a04150415 a04150415 a04150415 a04150415 a04150415 a04150415 a04150415 a04150415 a04150415 a04150415 a04150415 a04150415 a04150415 a04150415 a04150415 a04150415 a04150415 a04150415 a04150415 a04150415 a04150415 a04150415 a04150415 a04150415 a04150415 a04150415 a04150415 a04150415 a04150415 a04150415 a04150415 a04150415 a04150415 a04150415 a04150415 a04150415 a04150415 a04150415 a04150415 a04150415 a04150415 a04150415 a04150415 a04150415 a04150415 a04150415 a04150415 a04150415 a04150415 a04150415 a04150415 a04150415 a04150415 a04150415 a04150415 a04150415 a04150415 a04150415 a04150415 a04150415 a04150415 a04150415 a04150415 a04150415 a04150415 a04150415 a04150415 a04150415 a04150415 a04150415 a04150415 a04150415 a04150415 a04150415 a04150415 a04150415 a04150415 a04150415